书目信息 |
| 题名: |
计算机编目技术手册
|
|
| 作者: | 熊光莹 主编 | |
| 分册: | ||
| 出版信息: | 北京 书目文献出版社 1999.01 |
|
| 页数: | 416页 | |
| 开本: | 16开 | |
| 丛书名: | ||
| 单 册: | ||
| 中图分类: | G254.362-62 | |
| 科图分类: | ||
| 主题词: | 图书馆学 , 图书馆事业 | |
| 电子资源: | ||
| ISBN: | 7-5013-1615-5 | |
| 000 | 00598nam0 2200205 45 | |
| 001 | 0010101696 | |
| 005 | 20001010162312.2 | |
| 010 | @a7-5013-1615-5@d70.00元 | |
| 100 | @a20001010d1999 km y0chiy0120 ea | |
| 101 | 0 | @achi |
| 105 | @a z 000yy | |
| 200 | 1 | @a计算机编目技术手册@AJi Suan Ji Bian Mu Ji Shu Shou Ce@f熊光莹主编@FXiong Guang Ying Zhu Bian |
| 210 | @a北京@c书目文献出版社@d1999.01 | |
| 215 | @a416页@d16开 | |
| 606 | 0 | @a图书馆学 |
| 606 | 0 | @a图书馆事业 |
| 690 | @aG254.362-62@v3 | |
| 701 | 0 | @a熊光莹@4主编 |
| 801 | @aCN@bPftUser@c20001010 | |
| 905 | @b174441@dG254.362-62@eX913@f1 | |
| 计算机编目技术手册/熊光莹主编.-北京:书目文献出版社,1999.01 |
| 416页;16开 |
| ISBN 7-5013-1615-5:70.00元 |
| ● |
| 相关链接 |
|
|
|
正题名:计算机编目技术手册
索取号:G254.362-62/X913
 
预约/预借
| 序号 | 登录号 | 条形码 | 馆藏地/架位号 | 状态 | 备注 |
| 1 | 174441 | 201744416 | 社科库409/409社科库 59排6列2层/ [索取号:G254.362-62/X913] | 在馆 |